| 000 | 00369nam a22001577a 4500 | ||
|---|---|---|---|
| 020 | _a9788173718847 | ||
| 082 | _a006.3 PUJ | ||
| 100 | _aArun K Pujari | ||
| 245 | _aData mining techniques | ||
| 250 | _a3rd ed. | ||
| 260 |
_aHyderabad, India _bUniversities press _c2013 |
||
| 300 | _a366p. | ||
| 650 | _aData mining | ||
| 650 | _aInformation retrieval | ||
| 942 | _cBK | ||
| 999 |
_c13471 _d13471 |
||